| 000 -LEADER | |
|---|---|
| fixed length control field | 00591pam a2200181 a 4500 |
| 020 ## - INTERNATIONAL STANDARD BOOK NUMBER | |
| ISBN | 031406477X (hard : alk. paper) |
| 050 00 - LIBRARY OF CONGRESS CALL NUMBER | |
| Classification number | HG4026 |
| 100 1# - MAIN ENTRY--AUTHOR NAME | |
| Personal name | Hickman, Kent A. |
| 245 10 - TITLE STATEMENT | |
| Title | Foundations of corporate finance / |
| 260 ## - PUBLICATION, DISTRIBUTION, ETC. (IMPRINT) | |
| Place of publication | Minneapolis/St. Paul : |
| Name of publisher | West Pub. Co., |
| Year of publication | c1996. |
| 300 ## - PHYSICAL DESCRIPTION | |
| Number of Pages | xxv, 566, [30] p. : |
| Other physical details | ill. (some col.) ; |
| 500 ## - GENERAL NOTE | |
| General note | One page of four supplementary calculation tables and one page of four problem solving exercises inserted. |
| General note | Includes index. |
| 650 #0 - SUBJECT ADDED ENTRY--TOPICAL TERM | |
| Topical Term | Corporations |
| 700 1# - ADDED ENTRY--PERSONAL NAME | |
| Personal name | Hunter, Hugh O. |
| Personal name | Byrd, John W. |
| 942 ## - ADDED ENTRY ELEMENTS (KOHA) | |
| Koha item type | Books |
| Koha item type | Collection code | Shelving location | Accession Number | Permanent Location | Current Location | Date acquired | Full call number |
|---|---|---|---|---|---|---|---|
| Books | Lending | Lending | 2212 | Chapman Library | Chapman Library | 2017-01-11 | HG4026hic |
| Books | Lending | Lending | 2213 | Chapman Library | Chapman Library | 2017-01-11 | HG4026hic |

